Statistiques concernant Plantes les plus cultivées en France

Cliquez ici pour prendre le quiz!

Statistiques générales

  • Ce quiz a été pris 45 fois
  • Le résultat moyen est 10 sur 20

Statistiques - réponses

HaRéponse% Correct
219 761Blé dur d'hiver
100%
4 207 815Blé tendre d'hiver
100%
1 340 029Maïs ensilage
92%
1 738 008Maïs grain
92%
1178777Escourgeon (orge d'hiver)
76%
792 357Orge de printemps
76%
215 484Pomme de terre
66%
776 171Tournesol
58%
418 126Betterave sucrière
53%
1 112 649Colza
53%
779 903Vigne
47%
186 533Soja
42%
142 150Lin textile
29%
338 442Luzerne
24%
158 559Pois de printemps
24%
98 044Avoine
21%
43 806Sarrasin
18%
75 876Feverole
5%
93 591Sorgho
5%
261 572Triticale
5%

Distribution des résultats

Percentile par nombre de réponses

% des personnes avec chaque résultat

Votre développement - résultats

Vous n’avez pas pris ce quiz